[Event "4th 4NCL Easter Congress"]
[Site "Holiday Inn Peterborough - West"]
[Date "2024.03.30"]
[Round "3"]
[Board "1"]
[White "Raju, Sooraj Menothuparambil"]
[Black "Hebden, Mark L"]
[Result "0-1"]
[WhiteElo "1969"]
[BlackElo "2386"]
[PlyCount "0"]
[EventDate "2024.03.29"]
[EventRounds "7"]
[EventCountry "ENG"]

1. e4 e5 2. Nc3 Nf6 3. Bc4 Nc6 4. d3 Na5 5. Nge2 Be7 6. O-O O-O 7. a4 Nxc4 8. dxc4
d6 9. b3 Be6 10. f4 exf4 11. Nxf4 c6 12. a5 Bg4 13. Qd3 Nd7 14. h3 Ne5 15. Qe3 Bd7
16. Ba3 Qc7 17. Rfd1 Be6 18. Nce2 Rfe8 19. Nd4 Bf8 20. Ndxe6 fxe6 21. Bb2 Nf7 22.
e5 d5 23. Ra4 Rad8 24. c5 d4 25. Bxd4 Bxc5 26. Nd3 Bxd4 27. Rxd4 Qxa5 28. b4 Qc7
29. Nc5 Rxd4 30. Rxd4 b6 31. Nd3 Rd8 32. c4 Rxd4 33. Qxd4 Qd8 34. Qe4 Qd7 35. h4
g6 36. Nf2 Kg7 37. Qf4 Qd8 38. g3 a5 39. c5 a4 40. cxb6 Qxb6 41. Qf6+ Kf8 42. Qxe6
a3 43. Qc8+ Ke7 44. Kg2 Qa7 45. e6 Nd8 46. b5 a2 47. b6 Qb7 48. Qc7+  0-1

[Event "4th 4NCL Easter Congress"]
[Site "Holiday Inn Peterborough - West"]
[Date "2024.03.30"]
[Round "3"]
[Board "2"]
[White "Willmoth, Robert F"]
[Black "Boswell, Jacob Connor"]
[Result "1-0"]
[WhiteElo "2104"]
[BlackElo "2254"]
[PlyCount "0"]
[EventDate "2024.03.29"]
[EventRounds "7"]
[EventCountry "ENG"]

1. Nf3 d5 2. e3 Nf6 3. c4 c6 4. Nc3 e6 5. b3 Bd6 6. Bb2 O-O 7. Qc2 e5 8. cxd5 cxd5
9. Nb5 Nc6 10. Nxd6 Qxd6 11. Bb5 Nb4 12. Qc1 e4 13. Nd4 Bd7 14. Be2 Bg4 15. f3 Rac8
16. Bc3 Bh5 17. O-O exf3 18. gxf3 Nc6 19. Qb2 Nd7 20. Nxc6 Rxc6 21. Kh1 f6 22. a4
Rfc8 23. Rf2 Kh8 24. Rg1 d4 25. exd4 Nb6 26. Qb1 Bg6 27. Rxg6 hxg6 28. Qxg6 f5 29.
Qxf5 Qd5 30. Qg4 a5 31. Rg2 R8c7 32. Bd3 Rh6 33. Be4 Qf7 34. d5 Nc8 35. Qg5 Rxc3
36. Qd8+ Qg8 37. Qxg8+ Kxg8 38. dxc3 Rb6 39. Rb2 Nd6 40. Rb1 Nf7 41. Kg2 Kf8 42.
Kg3 Ke7 43. Kf4 Rh6 44. Rb2 Kd6 45. Ke3 Ne5 46. Rg2 g6 47. f4 Rh3+ 48. Kd4 Nf7 49.
Rxg6+ Ke7 50. Rg2 Rh4 51. Rf2 Nh6 52. Kc5 Ng4 53. Re2 Kd8 54. d6 Nf6 55. Bxb7 Nd7+
56. Kd4 Rxf4+ 57. Re4 Rf6 58. Bd5 Nf8 59. Kc5 Nd7+ 60. Kc6 Nb8+ 61. Kc5 Nd7+ 62.
Kd4 Nf8 63. Bc6 Rxd6+ 64. Kc5 Rf6 65. b4 axb4 66. cxb4 Ne6+ 67. Kb6 Kc8 68. b5 Nc7
69. Rh4 Ne6 70. Rh8+ Nd8 71. a5 Rg6 72. a6 Rf6 73. Rxd8+ Kxd8 74. a7  1-0

[Event "4th 4NCL Easter Congress"]
[Site "Holiday Inn Peterborough - West"]
[Date "2024.03.30"]
[Round "3"]
[Board "3"]
[White "Clarke, Connor"]
[Black "Okhai, Shabir"]
[Result "1/2-1/2"]
[WhiteElo "1978"]
[BlackElo "2075"]
[PlyCount "0"]
[EventDate "2024.03.29"]
[EventRounds "7"]
[EventCountry "ENG"]

1. d4 Nf6 2. Nc3 d5 3. Bf4 c5 4. e4 Nxe4 5. Nxe4 dxe4 6. dxc5 Qa5+ 7. c3 Qxc5 8.
Qa4+ Nc6 9. Qxe4 g6 10. Nf3 Bg7 11. Rd1 Bf5 12. Be3 Qxc3+ 13. bxc3 Bxe4 14. Nd4 O-O
15. f3 Nxd4 16. Bxd4 Bc6 17. Kf2 Rfd8 18. Bc4 b6 19. h4 Ba4 20. Bb3 Bb5 21. Rhe1
e6 22. Bxg7 Kxg7 23. Ke3 Kf6 24. g4 h6 25. f4 Rac8 26. Rxd8 Rxd8 27. Rd1 Rc8 28.
Kd4 Bc4 29. Re1 b5 30. Bc2 Rd8+ 31. Ke3 a5 32. a3 Rd5 33. Be4 Rd6 34. Bc2 Ke7 35.
Rd1 Rxd1 36. Bxd1 f6 37. g5 hxg5 38. hxg5 fxg5 39. fxg5 e5 40. Bc2 Bf7 41. Bd3 Be8
42. c4 b4 43. axb4 axb4 44. c5 Bf7 45. Ke4 Ke6 46. Bc4+ Ke7 47. Bd3 Ke6  1/2-1/2

[Event "4th 4NCL Easter Congress"]
[Site "Holiday Inn Peterborough - West"]
[Date "2024.03.30"]
[Round "3"]
[Board "4"]
[White "Khoury, Theo"]
[Black "Chan, Sheng Liang Bernard"]
[Result "1/2-1/2"]
[WhiteElo "2113"]
[BlackElo "2082"]
[PlyCount "0"]
[EventDate "2024.03.29"]
[EventRounds "7"]
[EventCountry "ENG"]

1. e4 c5 2. Nf3 d6 3. d4 cxd4 4. Nxd4 Nf6 5. Nc3 g6 6. Be3 Bg7 7. f3 Nc6 8. Qd2 O-O
9. O-O-O d5 10. exd5 Nxd5 11. Nxc6 bxc6 12. Bd4 e5 13. Bc5 Re8 14. Ne4 Qc7 15. h4
f5 16. Nd6 Rd8 17. Nxc8 Raxc8 18. h5 Nb6 19. Bxb6 axb6 20. Bc4+ Kf8 21. Qe3 Rxd1+
22. Rxd1 Rd8 23. Qa3+ c5 24. Rd5 Rxd5 25. Bxd5 e4 26. Qa8+ Ke7 27. Qb7 Qxb7  1/2-1/2

[Event "4th 4NCL Easter Congress"]
[Site "Holiday Inn Peterborough - West"]
[Date "2024.03.30"]
[Round "3"]
[Board "5"]
[White "Fava, Lorenzo"]
[Black "Birtwistle, Nigel"]
[Result "1-0"]
[WhiteElo "2281"]
[BlackElo "2048"]
[PlyCount "0"]
[EventDate "2024.03.29"]
[EventRounds "7"]
[EventCountry "ENG"]

1. e4 c5 2. Nf3 g6 3. d4 cxd4 4. Nxd4 Nc6 5. Nc3 Bg7 6. Be3 Nf6 7. Bc4 O-O 8. Bb3
Qa5 9. O-O d6 10. f3 Bd7 11. Qd2 Rfe8 12. Rad1 Rac8 13. Nxc6 Bxc6 14. Qf2 b6 15.
Rfe1 Bb7 16. a4 Ba6 17. Nb5 Bb7 18. Qd2 Qa6 19. Qb4 Bc6 20. Bc4 Qb7 21. Qb3 Rf8 22.
Nd4 d5 23. exd5 Bxd5 24. Bxd5 Qxd5 25. Qa3 Rfe8 26. Nb5 Qb7 27. Qb3 Red8 28. Rxd8+
Rxd8 29. Nxa7 Nd5 30. Rd1 Qxa7 31. Rxd5 Rxd5 32. Qxd5 Bxb2 33. Qd8+ Kg7 34. Qxb6
 1-0

[Event "4th 4NCL Easter Congress"]
[Site "Holiday Inn Peterborough - West"]
[Date "2024.03.30"]
[Round "3"]
[Board "6"]
[White "McLean, Robert"]
[Black "Nawalaniec, Adam"]
[Result "0-1"]
[WhiteElo "1967"]
[BlackElo "2015"]
[PlyCount "0"]
[EventDate "2024.03.29"]
[EventRounds "7"]
[EventCountry "ENG"]

1. e4 c5 2. Nf3 d6 3. d4 cxd4 4. Nxd4 Nf6 5. Nc3 a6 6. Bg5 e6 7. f4 Be7 8. Qf3 Nbd7
9. O-O-O Qc7 10. g4 h6 11. Bxf6 Bxf6 12. h4 Bxd4 13. Rxd4 Nb6 14. Be2 e5 15. Rd2
Be6 16. Rhd1 O-O-O 17. f5 Bc4 18. Qf2 Kb8 19. Kb1 Qc6 20. Bxc4 Nxc4 21. Rd3 Nb6 22.
Nd5 Na4 23. Qe3 Nc5 24. R3d2 Qa4 25. Nc3 Qc6 26. Nd5 b5 27. Rc1 Qb7 28. c4 b4 29.
Rg2 a5 30. h5 f6 31. Re2 Kc8 32. Rd2 Rd7 33. Rdd1 Kd8 34. Re1 Ke8 35. Re2 Kf7 36.
Ree1 Rdd8 37. Red1 Rc8 38. Qe2 Nd7 39. Qd3 Rhd8 40. Ne3 Nc5 41. Qd5+ Qxd5 42. exd5
Rc7 43. Rd2 Rdc8 44. Rdd1 Nd7 45. Re1 Nb6 46. b3 Nd7 47. Nd1 Nc5 48. Nf2 Ra8 49.
Kc2 a4 50. Rb1 Ke7 51. Rb2 Rca7 52. Nd3 axb3+ 53. axb3 Nxd3 54. Kxd3 Ra1 55. Rxa1
Rxa1 56. Ke3 Kd7 57. Rd2 Rb1 58. Rd3 Kc7 59. Kf3 Kb6 60. Ke3 Kc5 61. Kf3 Rb2 62.
Ke3 Rg2 63. Kf3 Rh2 64. Ke3 Rh1 65. Kf3 Rb1 66. Ke3 Rf1 67. Rd2 Rg1 68. Kf3 Rf1+
69. Ke3 Rf4 70. Rg2 Rd4 71. Rg3 Rd1 72. Ke2 Rb1 73. Rd3 e4 74. Re3 Rb2+ 75. Kd1 Kd4
76. Rg3 e3  0-1

[Event "4th 4NCL Easter Congress"]
[Site "Holiday Inn Peterborough - West"]
[Date "2024.03.30"]
[Round "3"]
[Board "7"]
[White "Burrows, Martin P"]
[Black "Larchikov, Maksym"]
[Result "1/2-1/2"]
[WhiteElo "1998"]
[BlackElo "1951"]
[PlyCount "0"]
[EventDate "2024.03.29"]
[EventRounds "7"]
[EventCountry "ENG"]

1. e4 c6 2. d4 d5 3. e5 Bf5 4. Nf3 e6 5. Be2 Nd7 6. O-O Ne7 7. Nbd2 h6 8. Nb3 Qc7
9. a4 a5 10. Ne1 c5 11. f4 c4 12. Nd2 O-O-O 13. c3 Bg6 14. b3 Nb6 15. Ndf3 f5 16.
b4 Nc6 17. b5 Nb8  1/2-1/2

[Event "4th 4NCL Easter Congress"]
[Site "Holiday Inn Peterborough - West"]
[Date "2024.03.30"]
[Round "3"]
[Board "8"]
[White "Guthrie, David W"]
[Black "Srivastava, Arnav"]
[Result "0-1"]
[WhiteElo "2129"]
[BlackElo "1915"]
[PlyCount "0"]
[EventDate "2024.03.29"]
[EventRounds "7"]
[EventCountry "ENG"]

1. d4 Nf6 2. c4 e6 3. Nf3 b6 4. a3 Bb7 5. Nc3 d5 6. cxd5 Nxd5 7. Qc2 Be7 8. e4 Nxc3
9. bxc3 O-O 10. Bd3 c5 11. O-O Nc6 12. Bb2 Rc8 13. Qe2 Na5 14. Rad1 Qc7 15. d5 exd5
16. exd5 Bxd5 17. Bxh7+ Kxh7 18. Rxd5 c4 19. Rh5+ Kg8 20. Bc1 Rfe8 21. Re1 Bf8 22.
Qxe8 Rxe8 23. Rxe8 Qd7 24. Rhe5 f6 25. Re1 Kf7 26. Ra8 Be7 27. Nd4 Nb3 28. g3 Qb7
29. Rxe7+ Qxe7 30. Be3 Nxd4 31. Bxd4 Qe1+  0-1

[Event "4th 4NCL Easter Congress"]
[Site "Holiday Inn Peterborough - West"]
[Date "2024.03.30"]
[Round "3"]
[Board "9"]
[White "Hutchinson, Paul A"]
[Black "Samarakoon, Vivash"]
[Result "1/2-1/2"]
[WhiteElo "2006"]
[BlackElo "1978"]
[PlyCount "0"]
[EventDate "2024.03.29"]
[EventRounds "7"]
[EventCountry "ENG"]

1. d4 Nf6 2. c4 e5 3. dxe5 Ng4 4. Nf3 Bc5 5. e3 Nc6 6. Be2 Ngxe5 7. O-O O-O 8. Nc3
a5 9. b3 d6 10. Bb2 Bf5 11. Nd4 Bxd4 12. exd4 Ng6 13. Qd2 Qh4 14. Nd5 Rac8 15. Bf3
Bg4 16. Bxg4 Qxg4 17. Rae1 Rfe8 18. f3 Qd7 19. Rf2 Rxe1+ 20. Qxe1 Re8 21. Re2 Rxe2
22. Qxe2 Nge7 23. Nf4 Qf5 24. Qe4 Kf8 25. g4 Qxe4 26. fxe4 Nd8 27. Kf2 f6 28. Ke3
Kf7 29. d5 Ng6 30. Ne2 b6 31. Nd4 Ke7 32. h3 Ne5 33. Bc3 g6 34. Ne2 Ndf7 35. Nf4
Ng5 36. Be1 Kf7 37. Bg3 Ke7 38. Bh4 Ngf3 39. Bg3 Ng5 40. Be1 Ngf3 41. Bf2 Ng5 42.
Bg3 Kf7  1/2-1/2

[Event "4th 4NCL Easter Congress"]
[Site "Holiday Inn Peterborough - West"]
[Date "2024.03.30"]
[Round "3"]
[Board "10"]
[White "Alldritt, Nigel RE"]
[Black "Dilley, Jason M"]
[Result "1-0"]
[WhiteElo "1977"]
[BlackElo "2032"]
[PlyCount "0"]
[EventDate "2024.03.29"]
[EventRounds "7"]
[EventCountry "ENG"]

1. d4 d5 2. c4 c6 3. Nf3 Nf6 4. e3 Bg4 5. h3 Bxf3 6. Qxf3 e6 7. Nc3 Nbd7 8. Bd2 Be7
9. cxd5 exd5 10. Bd3 Nf8 11. O-O Ne6 12. Rfc1 h5 13. g3 g5 14. Qe2 Qd6 15. b4 Kf8
16. Kg2 Re8 17. Rh1 Bd8 18. Qd1 Ng7 19. Qb3 Kg8 20. Rag1 Qe6 21. Qc2 Ne4 22. Nxe4
dxe4 23. Be2 Rh6 24. Qc4 Qd7 25. Bc3 Kh7 26. Rd1 Rd6 27. h4 g4 28. b5 Nf5 29. Bb4
Rd5 30. bxc6 bxc6 31. Rc1 Re6 32. Qc2 Bc7 33. Bc4 Bxg3 34. Bxd5 cxd5 35. Qb3 Bxh4
36. Rc5 Qd6 37. Bd2 Bxf2 38. Qxd5 Qg3+ 39. Kf1 Rf6 40. Rxh5+ Kg6 41. Rxf5 Qh3+ 42.
Ke2 Bh4 43. Rxf6+ Bxf6 44. Qxe4+ Kg7 45. Rc1 g3 46. Rh1 Qd7 47. Qh7+ Kf8 48. Bb4+
 1-0

[Event "4th 4NCL Easter Congress"]
[Site "Holiday Inn Peterborough - West"]
[Date "2024.03.30"]
[Round "3"]
[Board "11"]
[White "Prior, Stephen CV"]
[Black "Amato, Giampiero"]
[Result "1-0"]
[WhiteElo "2012"]
[BlackElo "1954"]
[PlyCount "0"]
[EventDate "2024.03.29"]
[EventRounds "7"]
[EventCountry "ENG"]

1. e4 e5 2. Nf3 Nf6 3. Nc3 Nc6 4. d4 exd4 5. Nxd4 Bb4 6. Nxc6 bxc6 7. Bd3 d5 8. exd5
cxd5 9. O-O O-O 10. h3 Be6 11. Qf3 Rb8 12. Ne2 c5 13. c3 Ba5 14. Ng3 Bc7 15. Nf5
Bxf5 16. Qxf5 Qd6 17. g3 Qd7 18. b3 Qxf5 19. Bxf5 Be5 20. Bb2 a5 21. Rfe1 Rfe8 22.
f4 Bd6 23. Ba3 Kf8 24. Kf2 Rxe1 25. Rxe1 Re8 26. Rxe8+ Kxe8 27. Kf3 Ke7 28. Bc1 g6
29. Bd3 Nd7 30. Bb5 Nf6 31. Bd3 Nd7 32. Be3 f5 33. g4 Ke6 34. Bd2 Bc7 35. Be1 Nf6
36. a3 Ne4 37. c4 dxc4 38. Bxc4+ Ke7 39. g5 Kf8 40. Bd3 Nd6 41. Bf2 a4 42. bxa4 c4
43. Bc2 Nb7 44. Bd4 Bd6 45. Bb6 Bxa3 46. a5 Nc5 47. Ke3 Nd7 48. Bc7 Bc5+ 49. Ke2
Bd4 50. a6 Ke7 51. Ba4 Nf8 52. Bb8  1-0

[Event "4th 4NCL Easter Congress"]
[Site "Holiday Inn Peterborough - West"]
[Date "2024.03.30"]
[Round "3"]
[Board "12"]
[White "Boggarapu, Kritan"]
[Black "Wilks, Simon"]
[Result "1-0"]
[WhiteElo "1933"]
[BlackElo "2061"]
[PlyCount "0"]
[EventDate "2024.03.29"]
[EventRounds "7"]
[EventCountry "ENG"]

1. e4 e6 2. d4 d5 3. Nc3 Nf6 4. Bg5 Bb4 5. e5 h6 6. Bd2 Bxc3 7. bxc3 Ne4 8. Qg4 Kf8
9. Bd3 Nxd2 10. Kxd2 c5 11. Nf3 c4 12. Be2 b5 13. h4 Nc6 14. h5 Bd7 15. Qf4 Qe7 16.
a3 a5 17. g4 Ke8 18. Rhg1 Kd8 19. g5 hxg5 20. Qxg5 Rh7 21. h6 g6 22. Qf4 Be8 23.
Ng5 Rh8 24. h7 Rb8 25. Rgb1 Kc7 26. Qe3 Qf8 27. Bg4 Kd7 28. Qf4 Qe7 29. Qe3 Kc7 30.
Qf4 Bd7 31. Bf3 Be8 32. Ke2 Rb7 33. Bg2 Nd8 34. Kf1 Bc6 35. Bf3 Be8 36. Kg2 Nc6 37.
Kg3 Qf8 38. Qf6 Ne7 39. Bg4 Rb6 40. Qf4 Kb7 41. Rh1 Qg7 42. Qf6 Qxf6 43. exf6 Nf5+
44. Bxf5 exf5 45. Rae1 b4 46. cxb4 axb4 47. axb4 Rxf6 48. Rxe8 Rxe8 49. h8=Q Rxh8
50. Rxh8 Kb6 51. c3  1-0

[Event "4th 4NCL Easter Congress"]
[Site "Holiday Inn Peterborough - West"]
[Date "2024.03.30"]
[Round "3"]
[Board "13"]
[White "James, Russell A"]
[Black "Han, Qixiang"]
[Result "1-0"]
[WhiteElo "2017"]
[BlackElo "1874"]
[PlyCount "0"]
[EventDate "2024.03.29"]
[EventRounds "7"]
[EventCountry "ENG"]

1. e4 c5 2. Nf3 d6 3. d4 cxd4 4. Nxd4 Nf6 5. Nc3 g6 6. Nde2 Bg7 7. g3 O-O 8. Bg2
Nc6 9. O-O Be6 10. Nd5 Ne5 11. h3 Rc8 12. Be3 b6 13. b3 Nc6 14. c3 Nb8 15. Rc1 Bxd5
16. exd5 Nfd7 17. Nd4 Nc5 18. Re1 Re8 19. c4 Nbd7 20. Nc6 Qc7 21. b4 Na6 22. Qa4
Qb7 23. Bf4 Ndb8 24. Rc2 h6 25. Rce2 Bf8 26. Bxd6 Qd7 27. Bxe7 Bg7 28. b5 Nc5 29.
Bxc5 Rxe2 30. Rxe2 bxc5 31. Ne7+ Kh7 32. Nxc8 Qxc8 33. Qxa7 Nd7 34. Re7 Ne5 35. Rxf7
Nxf7 36. Qxf7 Kh8 37. Qxg6 Qd7 38. Be4 Kg8 39. Qe6+ Qxe6 40. dxe6 Kf8 41. f4 Ke7
42. Bd5 Kd6 43. b6 Bf6 44. a4 Bd8 45. a5 Ke7 46. Kg2 Kf6 47. Kf3 Ke7 48. Kg4 Kf6
49. Kh5 Ke7 50. Kxh6 Kf6 51. g4 Ke7 52. g5 Kf8 53. g6 Be7 54. g7+ Kg8 55. Kg6 Bd6
56. e7#  1-0

[Event "4th 4NCL Easter Congress"]
[Site "Holiday Inn Peterborough - West"]
[Date "2024.03.30"]
[Round "3"]
[Board "14"]
[White "Richmond, Frank"]
[Black "Turner, Lewis A"]
[Result "0-1"]
[WhiteElo "1711"]
[BlackElo "1927"]
[PlyCount "0"]
[EventDate "2024.03.29"]
[EventRounds "7"]
[EventCountry "ENG"]

1. e4 c5 2. c3 d5 3. exd5 Nf6 4. c4 e6 5. dxe6 Bxe6 6. Nf3 Nc6 7. Be2 Be7 8. O-O
O-O 9. Nc3 Qd7 10. a3 Rad8 11. d3 Bf5 12. Bf4 Bxd3 13. Bxd3 Qxd3 14. Qxd3 Rxd3 15.
Rad1 Rfd8 16. Rxd3 Rxd3 17. Rd1 Rxd1+ 18. Nxd1 Ne4 19. Nd2 Nd4 20. Nxe4 Ne2+ 21.
Kf1 Nxf4 22. g3 Ne6 23. Ne3 Nd4 24. Nd5 Bf8 25. Ke1 f5 26. Nd2 g5 27. Kd1 Bd6 28.
b4 Kf7 29. b5 b6 30. f3 h5 31. f4 gxf4 32. Nxf4 Bxf4 33. gxf4 Ne6 34. Nf3 Nxf4 35.
Ne5+ Ke6 36. Nc6 Nd3 37. Ke2 Ne5 38. Nxa7 Nxc4 39. a4 Nd6 40. Nc6 Kd5 41. a5 bxa5
42. Nxa5 Nxb5 43. Kf3 Nd4+ 44. Kf4 c4 45. Nxc4 Kxc4 46. h4 Kd5 47. Kg5 Ke5 48. Kxh5
f4 49. Kg6 f3 50. h5 Nf5 51. h6 Nxh6 52. Kxh6 f2  0-1

[Event "4th 4NCL Easter Congress"]
[Site "Holiday Inn Peterborough - West"]
[Date "2024.03.30"]
[Round "3"]
[Board "15"]
[White "Baer, Bruce L"]
[Black "Sasikumar, Srivathsan"]
[Result "1/2-1/2"]
[WhiteElo "1945"]
[BlackElo "1881"]
[PlyCount "0"]
[EventDate "2024.03.29"]
[EventRounds "7"]
[EventCountry "ENG"]

1. g3 d5 2. Bg2 Nf6 3. d3 e6 4. Nf3 Be7 5. O-O O-O 6. Nbd2 c5 7. e4 Nc6 8. e5 Nd7
9. Re1 f6 10. exf6 Nxf6 11. c4 Qc7 12. Ng5 Nd4 13. f4 h6 14. Ngf3 Nxf3+ 15. Nxf3
Bd6 16. Ne5 Bd7 17. g4 Bc6 18. Nxc6 bxc6 19. g5 hxg5 20. Bh3 Bxf4 21. Bxe6+ Kh8 22.
Qf3 Nh7 23. Bxf4 gxf4 24. cxd5 cxd5 25. Bxd5 Rad8 26. Be4 Rd6 27. Rac1 Rh6 28. Bxh7
Rxh7 29. b4 Qd7 30. Rxc5 Qd4+ 31. Kh1 Qxb4 32. Rce5 Qb2 33. Qxf4 Qb8 34. Qxf8+ Qxf8
35. Re8 Kg8 36. Rxf8+ Kxf8 37. Kg2 Rh6 38. Kg3 Rf6 39. Re3 Ra6 40. Re2 Rd6 41. Rd2
Ke7 42. d4 Ke6 43. h4 Kf5 44. Rf2+ Kg6 45. Rf4 Ra6 46. Kg4 Rxa2 47. h5+ Kh6 48. Kf5
a5 49. d5 a4 50. Rd4 Rf2+ 51. Ke6 Re2+ 52. Kd7 a3 53. Ra4 Kxh5 54. Rxa3 Rd2 55. d6
g5 56. Ra5 Kh4 57. Ke6 g4 58. Rd5 Re2+ 59. Kf7 Rb2 60. d7 Rb8 61. d8=Q+ Rxd8 62.
Rxd8 g3 63. Rg8 Kh3 64. Kf6 g2 65. Kf5 Kh2 66. Rh8+ Kg3 67. Rg8+  1/2-1/2

[Event "4th 4NCL Easter Congress"]
[Site "Holiday Inn Peterborough - West"]
[Date "2024.03.30"]
[Round "3"]
[Board "16"]
[White "Vadalia, Jainill"]
[Black "Varley, Joe"]
[Result "1-0"]
[WhiteElo "1836"]
[BlackElo "1926"]
[PlyCount "0"]
[EventDate "2024.03.29"]
[EventRounds "7"]
[EventCountry "ENG"]

1. d4 Nf6 2. c4 g6 3. Nf3 Bg7 4. Nc3 d5 5. cxd5 Nxd5 6. e4 Nxc3 7. bxc3 O-O 8. Be3
c5 9. Be2 b6 10. O-O Bb7 11. e5 Nc6 12. Rc1 Qc7 13. Qc2 e6 14. Ng5 Rac8 15. Bf3 Qe7
16. Qa4 Na5 17. Ne4 Bc6 18. Qd1 Nc4 19. Bg5 Qb7 20. Nf6+ Kh8 21. Bxc6 Qxc6 22. Qg4
h5 23. Qh4 Bxf6 24. Bxf6+ Kh7 25. Rfe1 Na5 26. Re3 cxd4 27. Rh3 dxc3 28. Qg5  1-0

[Event "4th 4NCL Easter Congress"]
[Site "Holiday Inn Peterborough - West"]
[Date "2024.03.30"]
[Round "3"]
[Board "17"]
[White "Patel, Zain"]
[Black "Railwani, Tavish"]
[Result "1-0"]
[WhiteElo "1929"]
[BlackElo "1783"]
[PlyCount "0"]
[EventDate "2024.03.29"]
[EventRounds "7"]
[EventCountry "ENG"]

1. d4 Nf6 2. Nf3 d5 3. e3 c6 4. Bd3 Bg4 5. b3 e6 6. O-O Nbd7 7. Bb2 Bd6 8. Nbd2 O-O
9. h3 Bh5 10. c4 Bg6 11. Bxg6 hxg6 12. Qc2 Rc8 13. e4 dxe4 14. Ng5 e5 15. Ngxe4 Bb8
16. dxe5 Bxe5 17. Rad1 Bxb2 18. Qxb2 Qc7 19. c5 b6 20. b4 Rcd8 21. Rfe1 Rfe8 22.
Qb3 Nf8 23. Nxf6+ gxf6 24. Ne4 Kg7 25. Nd6 Re7 26. Qg3 Rxe1+ 27. Rxe1 Qd7 28. Re7
Ne6 29. Rxd7 Rxd7 30. Ne8+ Kf8 31. Nxf6 Rd1+ 32. Kh2 bxc5 33. bxc5 Kg7 34. Qe5 Kf8
35. Qb8+ Kg7 36. Ne8+ Kh6 37. Qxa7 Ng5 38. h4 Rd8 39. hxg5+ Kxg5 40. Qe7+  1-0

[Event "4th 4NCL Easter Congress"]
[Site "Holiday Inn Peterborough - West"]
[Date "2024.03.30"]
[Round "3"]
[Board "18"]
[White "Hariharan, Shambavi"]
[Black "Mesesan, Mircea-Marius"]
[Result "1-0"]
[WhiteElo "1867"]
[BlackElo "1963"]
[PlyCount "0"]
[EventDate "2024.03.29"]
[EventRounds "7"]
[EventCountry "ENG"]

1. d4 Nf6 2. c4 c5 3. d5 b5 4. cxb5 a6 5. bxa6 Bxa6 6. Nc3 g6 7. e4 Bxf1 8. Kxf1
d6 9. Nf3 Nbd7 10. h3 Bg7 11. g3 O-O 12. Kg2 Qa5 13. Bg5 h6 14. Bd2 Rfb8 15. b3 Qa6
16. Qc2 Qb7 17. Rab1 e6 18. dxe6 fxe6 19. Bf4 e5 20. Be3 d5 21. Nxd5 Nxd5 22. exd5
Qxd5 23. Rhd1 Qc6 24. Qc4+ Kf8 25. Rxd7 Qxd7 26. Bxc5+ Ke8 27. Qg8+ Bf8 28. Qxf8#
 1-0

[Event "4th 4NCL Easter Congress"]
[Site "Holiday Inn Peterborough - West"]
[Date "2024.03.30"]
[Round "3"]
[Board "19"]
[White "Wynarczyk, Raymond"]
[Black "Zhang, Junyi"]
[Result "0-1"]
[WhiteElo "1858"]
[BlackElo "1924"]
[PlyCount "0"]
[EventDate "2024.03.29"]
[EventRounds "7"]
[EventCountry "ENG"]

1. e4 c5 2. c3 e6 3. d4 d5 4. exd5 Qxd5 5. Qf3 Nf6 6. Qxd5 Nxd5 7. Nf3 a6 8. Nbd2
Nc6 9. Nb3 cxd4 10. Nbxd4 Nxd4 11. Nxd4 e5 12. Nf3 f6 13. Bd3 Be6 14. O-O O-O-O 15.
Bc4 Nc7 16. Bb3 Bc5 17. Re1 Rhe8 18. Be3 Bxe3 19. Rxe3 Bxb3 20. axb3 Nd5 21. Re4
Rd7 22. g3 Red8 23. Rd1 Nb6 24. Rxd7 Rxd7 25. Kf1 Rd1+ 26. Re1 Rxe1+ 27. Kxe1 a5
28. Kd2 Nd7 29. Ne1 Nc5 30. Kc2 Kc7 31. f3 Kc6 32. Nd3 Nxd3 33. Kxd3 Kd5 34. g4 g6
35. h4 h5 36. Ke3 f5 37. g5 f4+ 38. Kd3 e4+ 39. fxe4+ Ke5 40. b4 axb4 41. cxb4 b5
42. b3 f3 43. Ke3 f2 44. Kxf2 Kxe4 45. Ke2 Kf4 46. Kd3 Kg4 47. Kd4 Kxh4 48. Kc5 Kxg5
49. Kxb5 h4 50. Ka6 h3 51. b5 h2 52. b6 h1=Q 53. b7 Qh2 54. Ka7 Qa2+  0-1

[Event "4th 4NCL Easter Congress"]
[Site "Holiday Inn Peterborough - West"]
[Date "2024.03.30"]
[Round "3"]
[Board "20"]
[White "Kilambi, Venkata Ananth Akshay"]
[Black "Lishoy Gengis Paratazham, Dildarav"]
[Result "1/2-1/2"]
[WhiteElo "1801"]
[BlackElo "1924"]
[PlyCount "0"]
[EventDate "2024.03.29"]
[EventRounds "7"]
[EventCountry "ENG"]

1. d4 Nf6 2. c4 d6 3. Nc3 e5 4. d5 Bf5 5. Nf3 h6 6. Nd2 Nbd7 7. e4 Bg6 8. f3 Be7
9. Bd3 O-O 10. O-O c6 11. Qe2 Nc5 12. Bc2 a5 13. Nb3 Nxb3 14. axb3 Nd7 15. Be3 Qc7
16. Ra2 Nc5 17. Rfa1 Ra6 18. Na4 Nxa4 19. Rxa4 c5 20. Bd2 Rfa8 21. Qe1 Bd8 22. Qe2
Be7 23. Qe1 Bd8 24. Qe2 Be7  1/2-1/2

[Event "4th 4NCL Easter Congress"]
[Site "Holiday Inn Peterborough - West"]
[Date "2024.03.30"]
[Round "3"]
[Board "21"]
[White "Ward, Cian"]
[Black "Cheng, Louis"]
[Result "0-1"]
[WhiteElo "1815"]
[BlackElo "1826"]
[PlyCount "0"]
[EventDate "2024.03.29"]
[EventRounds "7"]
[EventCountry "ENG"]

1. e4 c5 2. Nf3 g6 3. d4 cxd4 4. Nxd4 Nc6 5. c4 Nf6 6. Nc3 Nxd4 7. Qxd4 d6 8. f3
Bg7 9. Be3 O-O 10. Qd2 Be6 11. Be2 Qa5 12. O-O Rfc8 13. b3 a6 14. Rac1 b5 15. Nd5
Qxd2 16. Bxd2 Nxd5 17. cxd5 Bd4+ 18. Kh1 Bd7 19. Bd3 Bb2 20. Rb1 Bc3 21. Be3 b4 22.
Rfd1 Bb5 23. Bd4 Rab8 24. Bxc3 Rxc3 25. Bxb5 Rxb5 26. Rd2 Rbc5 27. Kg1 Kg7 28. Kf2
Kf6 29. Re1 Ke5 30. Ree2 g5 31. Kg3 h5 32. h4 g4 33. Re1 Rc8 34. Red1 gxf3 35. gxf3
Rg8+ 36. Kf2 Kf4 37. Rd3 Rgc8 38. Rxc3 Rxc3 39. Rd4 Rc2+ 40. Ke1 Ke3 41. Rc4 Rxc4
42. bxc4 Kd4  0-1

[Event "4th 4NCL Easter Congress"]
[Site "Holiday Inn Peterborough - West"]
[Date "2024.03.30"]
[Round "3"]
[Board "22"]
[White "Wang, Luoke"]
[Black "White, Stuart A"]
[Result "1-0"]
[WhiteElo "1801"]
[BlackElo "2020"]
[PlyCount "0"]
[EventDate "2024.03.29"]
[EventRounds "7"]
[EventCountry "ENG"]

1. d4 Nf6 2. c4 e6 3. Nc3 Bb4 4. e3 O-O 5. Nf3 d5 6. Bd2 b6 7. cxd5 exd5 8. Bd3 Ba6
9. Bxa6 Nxa6 10. Ne5 Qe8 11. O-O Bd6 12. f4 c5 13. Qf3 Nc7 14. Be1 Kh8 15. Bh4 Ne4
16. Nc4 Qc6 17. Nxe4 dxe4 18. Qe2 f5 19. Nxd6 Qxd6 20. dxc5 bxc5 21. Rfd1 Qc6 22.
Rac1 Rf7 23. Qc4 Ne6 24. Rd5 Re8 25. b4 g5 26. Bxg5 Nxg5 27. fxg5 f4 28. Rxc5 Qg6
29. Rc6 Qf5 30. Qd4+ Kg8 31. Rf6 Qxg5 32. Rxf7 Kxf7 33. Rc5 Qg4 34. Qd5+ Kf6 35.
Rc7 Re6 36. Qd8+ Kf5 37. Rc5+  1-0

[Event "4th 4NCL Easter Congress"]
[Site "Holiday Inn Peterborough - West"]
[Date "2024.03.30"]
[Round "3"]
[Board "23"]
[White "Miller, George I"]
[Black "Ali, Golam S"]
[Result "1/2-1/2"]
[WhiteElo "1893"]
[BlackElo "1894"]
[PlyCount "0"]
[EventDate "2024.03.29"]
[EventRounds "7"]
[EventCountry "ENG"]

1. d4 Nc6 2. Nf3 d5 3. Bf4 Bg4 4. e3 a6 5. c4 e6 6. Nc3 Nf6 7. Be2 Bb4 8. O-O Bxc3
9. bxc3 Ne4 10. Rc1 g5 11. Be5 f6 12. cxd5 exd5 13. Bg3 h5 14. c4 Nxg3 15. fxg3 Qd6
16. cxd5 Qxd5 17. Rc5 Qe4 18. Qc1 O-O 19. h3 Be6 20. Ne1 Nxd4 21. Bxh5 Nf5 22. Rf3
Ng7 23. g4 c6 24. Qb2 b5 25. Nc2 Bd5 26. Nb4 Rad8 27. Nxd5 cxd5 28. Rc6 Qe5 29. Qd4
Qxd4 30. exd4 Nxh5 31. gxh5 Kg7 32. Rxa6 Rc8 33. Rd6 Rcd8 34. Rxd8 Rxd8 35. Rf5 b4
36. Kf2 Ra8 37. Rxd5 Rxa2+ 38. Kg3 b3 39. Rb5 Ra3 40. Kg4 Ra4 41. Rxb3 Rxd4+ 42.
Kf3 Kh6 43. g4 Ra4 44. Ke3 Rc4 45. Kd3 Ra4 46. Ke3 Rc4 47. Kf3 Ra4 48. Kg3 Rc4 49.
h4 gxh4+ 50. Kxh4 f5 51. Rb6+  1/2-1/2